000 00633nam a2200217Ia 4500
005 20241129104138.0
008 241129s9999||||xx |||||||||||||| ||und||
020 _a9781785369001
037 _aTextual
040 _aRTL
_beng
_cRTL
041 _aeng
_2eng
084 _aX:77.2.N47 Q7
_qRTL
100 _aJain Subhash C; Kedia Ben L
_9724979
245 0 _aReshaping India in the new global context
_cJain Subhash C; Kedia Ben L
260 _aCheltenham
_bEdward Elgar
_c2017
300 _ax,183p.
365 _aINR
_b7990.85
650 _aEconomics
942 _cTB
_hX:77.2.N47 Q7
999 _c1224613
_d1224613